Crawling - Linkin Park (Lyrics) - Statistics

General Stats
  • This quiz has been taken 75 times
  • The average score is 31 of 40
Answer Stats
Lyrics % Correct
To find {myself} again
92%
To find {myself} again
92%
{Confusing} what is real
91%
{Confusing} what is real
91%
{Confusing} what is real
91%
{Crawling} in my {skin}
91%
{Crawling} in my {skin}
91%
{Crawling} in my {skin}
91%
{Crawling} in my {skin}
91%
I've {felt} this way before
89%
I've {felt} this way before
89%
My {walls} are closing in
89%
My {walls} are closing in
89%
There's something inside me that pulls beneath the {surface}
89%
There's something inside me that pulls beneath the {surface}
89%
So {insecure}
85%
So {insecure}
85%
These {wounds}, they will not {heal}
82%
These {wounds}, they will not {heal}
82%
These {wounds}, they will not {heal}
82%
These {wounds}, they will not {heal}
82%
{Fear} is how I {fall}
80%
{Fear} is how I {fall}
80%
{Fear} is how I {fall}
80%
{Fear} is how I {fall}
80%
(Without a sense of {confidence}, I'm convinced)
80%
(Without a sense of {confidence}, I'm convinced)
80%
(That there's just too much {pressure} to take)
76%
(That there's just too much {pressure} to take)
76%
This lack of {self-control} I fear is never-ending
76%
This lack of {self-control} I fear is never-ending
76%
{Consuming}, {confusing}
67%
Against my {will} I stand beside my own {reflection}
65%
{Confusing}, {confusing} what is real
59%
{Distracting}, {reacting}
53%
It's {haunting}, how I can't {seem}
53%
{Controlling}, I can't {seem}
52%
{Consuming} (confusing what is {real})
45%
{Controlling} (confusing what is {real})
42%
{Discomfort}, endlessly has {pulled} itself upon me
30%
No matching quizzes found
Score Distribution
Percent of People with Each Score
Percentile by Number Answered
Your Score History
You have not taken this quiz